书目信息 |
| 题名: |
佛趣小品
|
|
| 作者: | 王毅 选编 | |
| 分册: | ||
| 出版信息: | 武汉 长江文艺出版社 1997.04 |
|
| 页数: | 368页 | |
| 开本: | 32开 | |
| 丛书名: | ||
| 单 册: | ||
| 中图分类: | I267.3 | |
| 科图分类: | ||
| 主题词: | 散文--中国 , 散文--作品综合集--中国 | |
| 电子资源: | ||
| ISBN: | 7-5354-1307-2 | |
| 000 | 00566nam0 2200205 45 | |
| 001 | 0009031609 | |
| 005 | 20000903160458.9 | |
| 010 | @a7-5354-1307-2@d15.00元 | |
| 100 | @a20000903d1997 km y0chiy0120 ea | |
| 101 | 0 | @achi |
| 105 | @a z 000yy | |
| 200 | 1 | @a佛趣小品@AFo Qu Xiao Pin@f王毅选编@FWang Yi Xuan Bian |
| 210 | @a武汉@c长江文艺出版社@d1997.04 | |
| 215 | @a368页@d32开 | |
| 606 | 0 | @a散文@x中国 |
| 606 | 0 | @a散文@x作品综合集@x中国 |
| 690 | @aI267.3@v3 | |
| 701 | 0 | @a王毅@4选编 |
| 801 | @aCN@bPftUser@c20000903 | |
| 905 | @b118093-097@dI267.3@eW.335@f5 | |
| 佛趣小品/王毅选编.-武汉:长江文艺出版社,1997.04 |
| 368页;32开 |
| ISBN 7-5354-1307-2:15.00元 |
| ● |
| 相关链接 |
|
|
|
正题名:佛趣小品
索取号:I267.3/W.335
 
预约/预借
| 序号 | 登录号 | 条形码 | 馆藏地/架位号 | 状态 | 备注 |
| 1 | 118093 | 201180934 | 文学库116/116文学库 11排5列6层/ [索取号:I267.3/W.335] | 在馆 | |
| 2 | 118094 | 201180943 | 社科二线422/422社科库 26排1列1层/ [索取号:I267.3/W.335] | 在馆 | |
| 3 | 118095 | 201180952 | 文学库116/116文学库 11排5列6层/ [索取号:I267.3/W.335] | 在馆 | |
| 4 | 118096 | 201180961 | 社科二线422/422社科库 26排1列1层/ [索取号:I267.3/W.335] | 在馆 | |
| 5 | 118097 | 201180970 | 社科二线422/422社科库 26排1列1层/ [索取号:I267.3/W.335] | 在馆 |